[Event "5th CNE NED-ch Rapid 2019"]
[Site "Amstelveen"]
[Date "2019.12.01"]
[Round "6.4"]
[White "Van den Doel, Erik"]
[Black "Pruijssers, Roeland"]
[Result "1/2-1/2"]
[WhiteElo "2598"]
[BlackElo "2557"]
[Annotator "ChessBase"]
[PlyCount "120"]
[EventDate "2019.11.30"]
[EventType "tourn"]
[EventCountry "NED"]
[SourceTitle "playchess.com"]
[Source "ChessBase"]
[SourceQuality "1"]
[TimeControl "900+10"]

1. e4 {[%emt 0:15:10]} d5 {[%emt 0:00:00]} 2. exd5 {[%emt 0:00:00]} Qxd5 {[%emt 0:00:00]} 3. Nc3 {[%emt 0:00:00]} Qa5 {[%emt 0:00:00]} 4. d4 {[%emt 0:00:00]} Nf6 {[%emt 0:00:00]} 5. Bd2 {[%emt 0:00:00]} Bg4 {[%emt 0:00:05]} 6. f3 {[%emt 0:00:00]} Bd7 {[%emt 0:00:06]} 7. Bc4 {[%emt 0:00:00]} Qb6 {[%emt 0:00:17]} 8. Nge2 {[%emt 0:00:00]} e6 {[%emt 0:01:26]} 9. Be3 {[%emt 0:00:00]} c5 {[%emt 0:00:53]} 10. d5 {[%emt 0:00:00]} exd5 {[%emt 0:00:05]} 11. Nxd5 {[%emt 0:00:00]} Nxd5 {[%emt 0:00:14]} 12. Bxd5 {[%emt 0:00:00]} Be7 {[%emt 0:00:07]} 13. O-O {[%emt 0:00:00]} O-O {[%emt 0:00:03]} 14. c3 {[%emt 0:00:00]} Be6 {[%emt 0:03:15]} 15. Bxe6 {[%emt 0:00:00]} Qxe6 {[%emt 0:00:09]} 16. Bf2 {[%emt 0:00:00]} Nc6 {[%emt 0:01:02]} 17. Nf4 {[%emt 0:00:00]} Qc4 {[%emt 0:00:03]} 18. Nd5 {[%emt 0:00:00]} Rad8 {[%emt 0:00:08]} 19. Nxe7+ {[%emt 0:00:00]} Nxe7 {[%emt 0:00:02]} 20. Qb3 {[%emt 0:00:00]} Qd5 {[%emt 0:01:10]} 21. Qxd5 {[%emt 0:00:00]} Rxd5 {[%emt 0:00:03]} 22. c4 {[%emt 0:00:00]} Rf5 {[%emt 0:00:05]} 23. Rad1 {[%emt 0:00:00]} b6 {[%emt 0:01:04]} 24. Rd7 {[%emt 0:00:00]} Nc6 {[%emt 0:00:01]} 25. Re1 {[%emt 0:00:00]} h5 {[%emt 0:02:30]} 26. b3 {[%emt 0:00:00]} Rc8 {[%emt 0:01:00]} 27. Kf1 {[%emt 0:00:00]} g6 {[%emt 0:01:15]} 28. h3 {[%emt 0:00:00]} Kf8 {[%emt 0:00:10]} 29. Bh4 {[%emt 0:00:31]} g5 {[%emt 0:00:27]} 30. Bg3 {[%emt 0:00:04]} Kg7 {[%emt 0:01:38]} 31. Re4 {[%emt 0:00:13]} Rd8 {[%emt 0:00:38]} 32. Rxd8 {[%emt 0:01:51]} Nxd8 {[%emt 0:00:02]} 33. Be5+ {[%emt 0:00:33]} Kg6 {[%emt 0:00:21]} 34. Ke2 {[%emt 0:00:13]} Nc6 {[%emt 0:00:29]} 35. Bc3 {[%emt 0:00:02]} h4 {[%emt 0:00:58]} 36. Ke3 {[%emt 0:00:07]} Nb4 {[%emt 0:00:08]} 37. Bxb4 {[%emt 0:00:40]} cxb4 {[%emt 0:00:04]} 38. Re7 {[%emt 0:01:56]} Ra5 {[%emt 0:00:06]} 39. f4 {[%emt 0:00:00]} gxf4+ {[%emt 0:00:35]} 40. Kxf4 {[%emt 0:00:00]} Rxa2 {[%emt 0:00:02]} 41. g3 {[%emt 0:00:07]} hxg3 {[%emt 0:00:31]} 42. Kxg3 {[%emt 0:00:02]} Ra3 {[%emt 0:00:03]} 43. Kg2 {[%emt 0:00:10]} a5 {[%emt 0:00:26]} 44. Rb7 {[%emt 0:00:01]} Rxb3 {[%emt 0:00:03]} 45. Rxb6+ {[%emt 0:00:01]} f6 {[%emt 0:00:25]} 46. Ra6 {[%emt 0:00:05]} Ra3 {[%emt 0:00:06]} 47. c5 {[%emt 0:00:02]} b3 {[%emt 0:00:09]} 48. c6 {[%emt 0:00:08]} a4 {[%emt 0:00:21]} 49. c7 {[%emt 0:00:21]} Ra2+ {[%emt 0:00:01]} 50. Kf3 {[%emt 0:00:33]} Rc2 {[%emt 0:00:04]} 51. Rxa4 {[%emt 0:00:02]} Rxc7 {[%emt 0:00:10]} 52. Rb4 {[%emt 0:00:01]} Rc3+ {[%emt 0:00:04]} 53. Kg4 {[%emt 0:00:14]} Kf7 {[%emt 0:00:07]} 54. h4 {[%emt 0:00:06]} Ke6 {[%emt 0:00:04]} 55. h5 {[%emt 0:00:11]} f5+ {[%emt 0:00:02]} 56. Kf4 {[%emt 0:00:08]} Rh3 {[%emt 0:00:11]} 57. Rb6+ {[%emt 0:00:24]} Kd5 {[%emt 0:00:04]} 58. Kxf5 {[%emt 0:00:01]} Kc4 {[%emt 0:00:22]} 59. h6 {[%emt 0:00:08]} Kc3 {[%emt 0:00:27]} 60. Kg6 {[%emt 0:00:14]} b2 {[%emt 0:00:25]} 1/2-1/2

[Event "5th CNE NED-ch Rapid 2019"]
[Site "Amstelveen"]
[Date "2019.12.01"]
[Round "7.1"]
[White "Reinderman, Dimitri"]
[Black "Van den Doel, Erik"]
[Result "1/2-1/2"]
[WhiteElo "2575"]
[BlackElo "2598"]
[Annotator "ChessBase"]
[PlyCount "62"]
[EventDate "2019.11.30"]
[EventType "tourn"]
[EventCountry "NED"]
[SourceTitle "playchess.com"]
[Source "ChessBase"]
[SourceQuality "1"]
[TimeControl "900+10"]

1. c4 {[%emt 0:00:00]} c6 {[%emt 0:15:10]} 2. Nf3 {[%emt 0:00:00]} d5 {[%emt 0:00:00]} 3. g3 {[%emt 0:00:00]} Bg4 {[%emt 0:00:00]} 4. Bg2 {[%emt 0:00:01]} e6 {[%emt 0:00:00]} 5. O-O {[%emt 0:00:05]} Nd7 {[%emt 0:00:00]} 6. cxd5 {[%emt 0:00:10]} exd5 {[%emt 0:00:00]} 7. d3 {[%emt 0:00:04]} Bd6 {[%emt 0:00:00]} 8. e4 {[%emt 0:01:05]} Ne7 {[%emt 0:00:00]} 9. h3 {[%emt 0:00:13]} Bh5 {[%emt 0:00:00]} 10. Nc3 {[%emt 0:00:25]} O-O {[%emt 0:00:00]} 11. g4 {[%emt 0:01:27]} Bg6 {[%emt 0:00:00]} 12. Nh4 {[%emt 0:00:02]} dxe4 {[%emt 0:00:00]} 13. dxe4 {[%emt 0:00:02]} Ne5 {[%emt 0:00:00]} 14. f4 {[%emt 0:01:20]} Nc8 {[%emt 0:00:00]} 15. Nxg6 {[%emt 0:01:00]} Nxg6 {[%emt 0:00:00]} 16. e5 {[%emt 0:00:03]} Bc5+ {[%emt 0:00:00]} 17. Kh2 {[%emt 0:00:01]} Nb6 {[%emt 0:00:00]} 18. Qe2 {[%emt 0:04:38]} Qc7 {[%emt 0:00:00]} 19. Bd2 {[%emt 0:00:27]} Rad8 {[%emt 0:00:00]} 20. Be1 {[%emt 0:00:23]} f6 {[%emt 0:00:00]} 21. Bg3 {[%emt 0:00:53]} fxe5 {[%emt 0:00:00]} 22. fxe5 {[%emt 0:00:02]} Rde8 {[%emt 0:00:00]} 23. Rxf8+ {[%emt 0:01:08]} Bxf8 {[%emt 0:00:00]} 24. Re1 {[%emt 0:00:11]} Nxe5 {[%emt 0:00:00]} 25. Qd1 {[%emt 0:01:26]} Nbd7 {[%emt 0:00:00]} 26. Ne4 {[%emt 0:00:26]} Qb6 {[%emt 0:00:00]} 27. Qc2 {[%emt 0:00:26]} Be7 {[%emt 0:00:00]} 28. Nc3 {[%emt 0:00:29]} Bd6 {[%emt 0:00:00]} 29. Ne4 {[%emt 0:00:01]} Be7 {[%emt 0:00:00]} 30. Nc3 {[%emt 0:00:01]} Bd6 {[%emt 0:00:14]} 31. Ne4 {[%emt 0:00:01]} Be7 {[%emt 0:01:03]} 1/2-1/2

[Event "5th CNE NED-ch Rapid 2019"]
[Site "Amstelveen"]
[Date "2019.12.01"]
[Round "7.2"]
[White "Smeets, Jan"]
[Black "Timman, Jan H"]
[Result "1/2-1/2"]
[WhiteElo "2596"]
[BlackElo "2528"]
[Annotator "ChessBase"]
[PlyCount "21"]
[EventDate "2019.11.30"]
[EventType "tourn"]
[EventCountry "NED"]
[SourceTitle "playchess.com"]
[Source "ChessBase"]
[SourceQuality "1"]
[TimeControl "900+10"]

1. e4 {[%emt 0:00:00]} e5 {[%emt 0:00:00]} 2. Nf3 {[%emt 0:00:00]} Nc6 {[%emt 0:00:00]} 3. Bb5 {[%emt 0:00:00]} a6 {[%emt 0:00:00]} 4. Ba4 {[%emt 0:00:00]} d6 {[%emt 0:00:00]} 5. c4 {[%emt 0:00:37]} Nf6 {[%emt 0:00:18]} 6. Nc3 {[%emt 0:00:06]} Be7 {[%emt 0:01:39]} 7. d4 {[%emt 0:00:09]} exd4 {[%emt 0:00:15]} 8. Nxd4 {[%emt 0:00:04]} Bd7 {[%emt 0:00:04]} 9. Nxc6 {[%emt 0:02:12]} bxc6 {[%emt 0:00:03]} 10. Bf4 {[%emt 0:00:19]} O-O {[%emt 0:00:28]} 11. O-O {[%emt 0:01:43]} 1/2-1/2

[Event "5th CNE NED-ch Rapid 2019"]
[Site "Amstelveen"]
[Date "2019.12.01"]
[Round "7.3"]
[White "Pruijssers, Roeland"]
[Black "Ernst, Sipke"]
[Result "1/2-1/2"]
[WhiteElo "2557"]
[BlackElo "2553"]
[Annotator "ChessBase"]
[PlyCount "31"]
[EventDate "2019.11.30"]
[EventType "tourn"]
[EventCountry "NED"]
[SourceTitle "playchess.com"]
[Source "ChessBase"]
[SourceQuality "1"]
[TimeControl "900+10"]

1. e4 {[%emt 0:00:00]} e5 {[%emt 0:00:00]} 2. Nf3 {[%emt 0:00:00]} Nc6 {[%emt 0:00:00]} 3. Bb5 {[%emt 0:00:00]} a6 {[%emt 0:00:00]} 4. Ba4 {[%emt 0:00:00]} Nf6 {[%emt 0:00:00]} 5. d3 {[%emt 0:00:00]} b5 {[%emt 0:00:03]} 6. Bb3 {[%emt 0:00:05]} Be7 {[%emt 0:00:05]} 7. O-O {[%emt 0:00:46]} O-O {[%emt 0:00:04]} 8. c3 {[%emt 0:00:40]} d6 {[%emt 0:00:15]} 9. h3 {[%emt 0:00:09]} Na5 {[%emt 0:00:07]} 10. Bc2 {[%emt 0:00:03]} c5 {[%emt 0:00:02]} 11. Re1 {[%emt 0:00:07]} Re8 {[%emt 0:00:19]} 12. Nbd2 {[%emt 0:00:03]} Bf8 {[%emt 0:00:05]} 13. Nf1 {[%emt 0:00:07]} g6 {[%emt 0:00:29]} 14. Ng3 {[%emt 0:00:17]} Nc6 {[%emt 0:00:16]} 15. Bg5 {[%emt 0:00:12]} h6 {[%emt 0:00:22]} 16. Bd2 {[%emt 0:00:41]} 1/2-1/2

[Event "5th CNE NED-ch Rapid 2019"]
[Site "Amstelveen"]
[Date "2019.12.01"]
[Round "7.4"]
[White "Van Foreest, Jorden"]
[Black "Van Wely, Loek"]
[Result "1/2-1/2"]
[WhiteElo "2632"]
[BlackElo "2610"]
[Annotator "ChessBase"]
[PlyCount "45"]
[EventDate "2019.11.30"]
[EventType "tourn"]
[EventCountry "NED"]
[SourceTitle "playchess.com"]
[Source "ChessBase"]
[SourceQuality "1"]
[TimeControl "900+10"]

1. e4 {[%emt 0:00:00]} c5 {[%emt 0:00:00]} 2. Nf3 {[%emt 0:00:00]} e6 {[%emt 0:00:00]} 3. g3 {[%emt 0:00:08]} Nc6 {[%emt 0:00:03]} 4. d4 {[%emt 0:00:30]} cxd4 {[%emt 0:00:19]} 5. Nxd4 {[%emt 0:00:02]} Bc5 {[%emt 0:02:15]} 6. Nb3 {[%emt 0:00:09]} Be7 {[%emt 0:00:21]} 7. Bg2 {[%emt 0:00:06]} Nf6 {[%emt 0:00:03]} 8. O-O {[%emt 0:00:13]} O-O {[%emt 0:00:03]} 9. Nc3 {[%emt 0:01:01]} d6 {[%emt 0:00:10]} 10. Be3 {[%emt 0:00:54]} Nd7 {[%emt 0:00:23]} 11. Qe2 {[%emt 0:00:13]} a6 {[%emt 0:00:07]} 12. Rad1 {[%emt 0:01:16]} Qc7 {[%emt 0:00:02]} 13. a4 {[%emt 0:01:07]} b6 {[%emt 0:00:03]} 14. f4 {[%emt 0:00:08]} Re8 {[%emt 0:00:16]} 15. g4 {[%emt 0:00:32]} Bb7 {[%emt 0:00:03]} 16. g5 {[%emt 0:00:11]} Bf8 {[%emt 0:00:12]} 17. Rf3 {[%emt 0:00:40]} g6 {[%emt 0:00:08]} 18. Rh3 {[%emt 0:00:09]} Rac8 {[%emt 0:01:00]} 19. Qf2 {[%emt 0:00:12]} Bg7 {[%emt 0:00:03]} 20. Qh4 {[%emt 0:00:14]} Nf8 {[%emt 0:00:09]} 21. Qf2 {[%emt 0:00:01]} Nd7 {[%emt 0:00:02]} 22. Qh4 {[%emt 0:01:57]} Nf8 {[%emt 0:00:03]} 23. Qf2 {[%emt 0:00:03]} 1/2-1/2